| 000 | 01522nam a2200421 c 4500 | ||
|---|---|---|---|
| 003 | BLK | ||
| 005 | 20190110110835.0 | ||
| 008 | 180409b bul|||||r ||||||| ||bul|| | ||
| 010 | _aKNG00100520000 | ||
| 020 |
_a954-427-446-4 _bиздат.: Абагар |
||
| 040 | _aBLK | ||
| 041 |
_aBUL _cBUL |
||
| 080 |
_aИстория на Русия и СССР. Вж и 936 ; 957 _b94(470) _x(092) _z94(470)(092) |
||
| 080 |
_aБиографии _b929 _x(470) _z929(470) |
||
| 100 | 1 |
_aАндреев, Йордан Киров _eпърви автор _9365996 |
|
| 700 | 1 |
_aАндреев, Андрей _eсъавт. _9363278 |
|
| 139 |
_aАндреев, Йордан Киров и др. _bА 66 |
||
| 245 | 1 | 0 |
_aВеликите князе, царете и императорите на Русия _cЙордан Киров Андреев; съавт. Андрей Андреев. |
| 257 | _aBGR | ||
| 260 |
_аВ. Търново _bАбагар _c2001 |
||
| 300 |
_a431 с. _bс портр. _c22 см |
||
| 380 | _a9 | ||
| 650 | 4 |
_aЦаре, руски _9270490 |
|
| 650 | 4 |
_aИмператори, руски _9285797 |
|
| 650 | 4 |
_aДинастии, руски _9300839 |
|
| 651 | 4 |
_aРусия _9179465 |
|
| 653 | _aистория | ||
| 653 | _aРусия | ||
| 653 | _aцаре | ||
| 653 | _aвладетели | ||
| 653 | _aимператори | ||
| 653 | _aдинастии | ||
| 852 | _aЦб 210915 | ||
| 856 | 4 |
_qpdf _u |
|
| 856 | 4 |
_qpdf _u |
|
| 942 |
_cKNG _n0 _01 |
||
| 944 |
_aCR _c01.01.2001 _kКети_Илиева |
||
| 944 |
_aED _c17.12.2016 _kВиолета_Тройчева |
||
| 999 |
_c95658 _d95658 |
||